00593nam a2200193Ia 450000500170000000800410001702000150005808200130007310000130008624500640009926000580016330000170022165000130023865000100025165000180026194200060027995200990028599900150038420241202024831.0240331s9999 xx 000 0 und d a955580074X bSUMa891 aSumathy, 0aThin veils :bin the shadow of the gun and the wicked witch aColombobInternational Centre for Ethic Studiesc2003 aXI, 64 p .,  aFeminist aPoems aShort Stories cL 001040708LaWERCLbWERCLcSSCd2024-03-31l0o 894.811 SUMp4809r2024-03-31w2024-03-31yL c4360d4360